<?xml version="1.0" encoding="UTF-8"?>
<collection xmlns="http://www.loc.gov/MARC21/slim">
 <record>
  <leader>01368nam a22002177a 4500</leader>
  <controlfield tag="001">NCT_78020</controlfield>
  <controlfield tag="008">200417b        xxu||||| |||| 00| 0 vie d</controlfield>
  <datafield tag="999" ind1=" " ind2=" ">
   <subfield code="c">3803</subfield>
   <subfield code="d">3803</subfield>
  </datafield>
  <datafield tag="020" ind1=" " ind2=" ">
   <subfield code="a">9786047370412</subfield>
   <subfield code="c">90000</subfield>
  </datafield>
  <datafield tag="082" ind1="0" ind2="4">
   <subfield code="2">23rd ed.</subfield>
   <subfield code="a">915.97</subfield>
   <subfield code="b">Tr103</subfield>
  </datafield>
  <datafield tag="100" ind1="1" ind2=" ">
   <subfield code="a">Nguyễn Trãi</subfield>
  </datafield>
  <datafield tag="245" ind1="1" ind2="0">
   <subfield code="a">Ức trai di tập:</subfield>
   <subfield code="b">Dư địa chí</subfield>
   <subfield code="c">Nguyễn Trãi; Phan Duy Tiếp (dịch); Hà Văn Tấn (hiệu đính và chú thích)</subfield>
  </datafield>
  <datafield tag="260" ind1=" " ind2=" ">
   <subfield code="a">Tp. Hồ Chí Minh</subfield>
   <subfield code="b">Đại học quốc gia Tp. Hồ Chí Minh</subfield>
   <subfield code="c">2019</subfield>
  </datafield>
  <datafield tag="300" ind1=" " ind2=" ">
   <subfield code="a">238 tr.</subfield>
   <subfield code="c">21cm</subfield>
  </datafield>
  <datafield tag="520" ind1="3" ind2=" ">
   <subfield code="a">Dư địa chí là quyển thứ sáu trong Ức trai di tập. Đây được xem là  &quot;Tác phẩm địa lý đầy đủ đầu tiên của Việt Nam&quot; được viết năm 1435. Trong tác phẩm này có rất nhiều dữ liệu lịch sử quý giá như địa danh, địa giới, sản vật, nghề nghiệp, hệ thống quan lại, chức vụ,...</subfield>
  </datafield>
  <datafield tag="653" ind1=" " ind2=" ">
   <subfield code="a">Tham khảo</subfield>
  </datafield>
  <datafield tag="700" ind1="1" ind2=" ">
   <subfield code="a">Phan Duy Tiếp</subfield>
   <subfield code="e">Dịch</subfield>
  </datafield>
  <datafield tag="700" ind1="1" ind2=" ">
   <subfield code="a">Hà Văn Tấn</subfield>
   <subfield code="e">Hiệu đính và chú thích</subfield>
  </datafield>
  <datafield tag="942" ind1=" " ind2=" ">
   <subfield code="2">ddc</subfield>
   <subfield code="c">BK</subfield>
  </datafield>
  <datafield tag="952" ind1=" " ind2=" ">
   <subfield code="0">0</subfield>
   <subfield code="1">0</subfield>
   <subfield code="2">ddc</subfield>
   <subfield code="4">0</subfield>
   <subfield code="6">915_970000000000000_TR103</subfield>
   <subfield code="7">0</subfield>
   <subfield code="9">19352</subfield>
   <subfield code="a">000001</subfield>
   <subfield code="b">000001</subfield>
   <subfield code="d">2020-04-17</subfield>
   <subfield code="o">915.97 Tr103</subfield>
   <subfield code="p">TK.02004</subfield>
   <subfield code="r">2020-04-17</subfield>
   <subfield code="v">90000.00</subfield>
   <subfield code="w">2020-04-17</subfield>
   <subfield code="y">BK</subfield>
  </datafield>
  <datafield tag="980" ind1=" " ind2=" ">
   <subfield code="a">Thư viện Trường Đại học Nam Cần Thơ</subfield>
  </datafield>
 </record>
</collection>
